[Event "Internet Section 06A g/8'+2\""]
[Site "Dos Hermanas"]
[Date "2004.03.06"]
[Round "9"]
[White "Gradishki, Rumen"]
[Black "Ortiz de Zevallos, Juan Gonzalo"]
[Result "1/2-1/2"]
[WhiteElo "1495"]
[BlackElo "1689"]
[PlyCount "120"]
[EventDate "2004.03.06"]
[EventType "swiss (blitz)"]
[EventRounds "9"]
[EventCountry "ESP"]
[SourceTitle "CBM 099 Extra"]
[Source "ChessBase"]
[SourceDate "2004.05.04"]
[SourceVersion "1"]
[SourceVersionDate "2004.05.04"]
[SourceQuality "1"]

1. e4 e5 2. Nf3 Nc6 3. Bc4 Nf6 4. d3 h6 5. 0-0 Bc5 6. a3 d6 7. c3 Bg4 8. Nbd2 Qd7 9. b4 Bb6 10. a4 a6 11. a5 Ba7 12. b5 axb5 13. Bxb5 Qe7 14. Qa4 0-0 15. a6 Bc5 16. Bxc6 Rxa6 17. Qb5 Rxc6 18. Qxb7 Qd7 19. Qb3 d5 20. Ba3 Qd6 21. Bxc5 Rxc5 22. exd5 Nxd5 23. c4 Bxf3 24. Nxf3 Nf4 25. d4 exd4 26. Rfd1 Qg6 27. g3 Nh3+ 28. Kf1 Qf6 29. Rxd4 Rf5 30. Rd3 Re8 31. Rad1 Ng5 32. Kg2 Nxf3 33. Rxf3 Rxf3 34. Qxf3 Qxf3+ 35. Kxf3 Re6 36. Rd8+ Kh7 37. Rd7 Rf6+ 38. Ke3 c5 39. Rc7 Re6+ 40. Kf3 Rf6+ 41. Kg2 Rf5 42. f4 g5 43. fxg5 hxg5 44. h3 Kg6 45. g4 Re5 46. Kf3 f6 47. Rc6 Kf7 48. Rc7+ Kg6 49. Rc6 Kf7 50. Rc7+ Kg6 51. Kg3 Re3+ 52. Kg2 Re2+ 53. Kf3 Re5 54. Rc6 Kf7 55. Rc7+ Kg6 56. Rc6 Kg7 57. Rc7+ Kg6 58. Rc6 Kf7 59. Rc7+ Kg6 60. Rc6 Kf7 1/2-1/2

[Event "Internet Section 06A g/8'+2\""]
[Site "Dos Hermanas"]
[Date "2004.03.06"]
[Round "3"]
[White "Primeau, Sylvain"]
[Black "Ortiz de Zevallos, Juan Gonzalo"]
[Result "0-1"]
[WhiteElo "1524"]
[BlackElo "1850"]
[PlyCount "54"]
[EventDate "2004.03.06"]
[EventType "swiss (blitz)"]
[EventRounds "9"]
[EventCountry "ESP"]
[SourceTitle "CBM 099 Extra"]
[Source "ChessBase"]
[SourceDate "2004.05.04"]
[SourceVersion "1"]
[SourceVersionDate "2004.05.04"]
[SourceQuality "1"]

1. e4 e5 2. Nf3 Nc6 3. Bc4 Nf6 4. d3 h6 5. c3 d6 6. 0-0 Bg4 7. Nbd2 d5 8. exd5 Nxd5 9. Bb5 a6 10. Bxc6+ bxc6 11. c4 Nf4 12. Qc2 Nxd3 13. b3 Bc5 14. Qd1 f5 15. h3 Bh5 16. Qe2 0-0 17. Rb1 e4 18. Bb2 exf3 19. Nxf3 Re8 20. Qd1 Nxf2 21. Qxd8 Nxh3+ 22. Kh1 Raxd8 23. Bc3 Nf2+ 24. Kg1 Ne4+ 25. Kh1 Nxc3 26. Rbe1 Ne4 27. Kh2 Bd6+ 0-1